32 villes françaises avec leur nom latin - Statistiques

Statistiques générales
  • Ce quiz a été pris 144 fois
  • Le résultat moyen est 13 sur 32
Statistiques - réponses
Hint Réponse % Correct
NICAEA, NICIA Nice
98%
MASSALIA Marseille
89%
TOLOSA Toulouse
86%
LUGDUNUM Lyon
85%
BURDIGALA Bordeaux
82%
BRESTUM Brest
80%
LUTETIA Paris
80%
MONSPESSULANUM Montpellier
74%
ISLA Lille
56%
CONDATE RIEDONUM Rennes
47%
NEMAUSUS Nîmes
45%
ARGENTORATUM Strasbourg
38%
DIVIO Dijon
37%
CONDAVINCUM, PORTUS NAMNETUM Nantes
34%
CADONUM Caen
32%
ROTOMAGUS Rouen
31%
DUROCORTORUM Reims
28%
AQUAE SEXTIAE Aix-en-Provence
27%
CULARO, GRATIANOPOLIS Grenoble
27%
DIVODURUM Metz
27%
AUGUSTONEMETUM Clermont-Ferrand
24%
VESONTIO Besançon
21%
CENABUM, AURELIANUM Orléans
21%
SAMAROBRIVA Amiens
20%
CAESARODUNUM Tours
20%
JULIOMAGUS Angers
19%
TELO MARTIUS Toulon
19%
VINDUNUM Le Mans
15%
BOUTAE Annecy
13%
AUGUSTORITUM Limoges
12%
BONONIA AD SEQUANAM Boulogne-Billancourt
7%
CATOLACUS Saint-Denis
7%
Aucun quiz correspondant
Distribution des résultats
% des personnes avec chaque résultat
Percentile par nombre de réponses
Votre historique - résultats
Vous n’avez pas pris ce quiz